000 00294 a2200121 4500
000 nam a22 7a 4500
005 20260207123934.0
020 _a9789394057111
100 _aUpendra Prasad
_91114346
245 _aHistory of Jainism
260 _bInsight Publication
_c2023
942 _cTEXL
999 _c1678890
_d1678890